| Tag |
First Indicator |
Second Indicator |
Subfields |
| LEADER |
00000cam a22000001a 4500 |
| 001 |
in00003247021 |
| 006 |
m d f |
| 007 |
cr bn mmmapmmp |
| 008 |
091027s1999 dcua o f000 0 eng d |
| 005 |
20260504203044.9 |
| 035 |
|
|
|a cis2007469920
|
| 040 |
|
|
|a UMI
|c UMI
|d UtOrBLW
|
| 043 |
|
|
|a n-us---
|
| 074 |
|
|
|a 1023-A
|
| 074 |
|
|
|a 1023-B (MF)
|
| 086 |
0 |
|
|a Y 4.R 31/3:106-11
|
| 088 |
|
|
|a Serial no. 106-11 (United States. Congress. House. Committee on Resources)
|
| 099 |
|
|
|a HRG-1999-HRC-0012
|
| 110 |
1 |
|
|a United States.
|b Congress.
|b House.
|b Committee on Resources.
|b Subcommittee on Forests and Forest Health.
|
| 245 |
1 |
0 |
|a Oversight hearing on U.S. Forest Service road moratorium :
|b hearing before the Subcommittee on Forest and Forest Health of the Committee on Resources, House of Representatives, One Hundred Sixth Congress, first session, March 4, 1999, Washington DC.
|
| 246 |
3 |
|
|a Oversight hearing on US Forest Service road moratorium
|
| 264 |
|
1 |
|a Washington :
|b U.S. G.P.O. :
|c 1999.
|
| 264 |
|
2 |
|a Washington :
|b For sale by the U.S. G.P.O., Supt. of Docs., Congressional Sales Office,
|
| 300 |
|
|
|a 1 online resource.
|
| 336 |
|
|
|a text
|b txt
|2 rdacontent
|
| 337 |
|
|
|a computer
|b c
|2 rdamedia
|
| 338 |
|
|
|a online resource
|b cr
|2 rdacarrier
|
| 500 |
|
|
|a Record is based on bibliographic data in ProQuest Congressional Hearings Digital Collection. Reuse except for individual research requires license from ProQuest, LLC.
|
| 538 |
|
|
|a System requirements: PDF reader software.
|
| 500 |
|
|
|a Electronic resource.
|
| 610 |
1 |
0 |
|a United States.
|b Forest Service
|x Management.
|
| 650 |
|
0 |
|a Roads
|z United States
|x Design and construction.
|
| 650 |
|
0 |
|a Forest health
|z United States.
|
| 650 |
|
0 |
|a Forests and forestry
|z United States.
|
| 650 |
|
0 |
|a Forest policy
|z United States.
|
| 655 |
|
7 |
|a Electronic books.
|2 local
|
| 710 |
2 |
|
|a ProQuest (Firm)
|
| 776 |
0 |
8 |
|i Print version:
|a United States. Congress. House. Committee on Resources. Subcommittee on Forests and Forest Health.
|t Oversight hearing on U.S. Forest Service road moratorium
|w (DGPO)99020808
|w (OCoLC)41933658
|
| 776 |
0 |
8 |
|i Microfiche version:
|a United States. Congress. House. Committee on Resources. Subcommittee on Forests and Forest Health.
|t Oversight hearing on U.S. Forest Service road moratorium.
|d [Bethesda, Md.] : ProQuest,[2004]
|o CIS 99 H651-35
|w (ProQuest)cis09900988
|
| 830 |
|
0 |
|a U.S. Congressional Hearings.
|
| 856 |
4 |
0 |
|u http://proxy.library.tamu.edu/login?url=https://congressional.proquest.com/congcomp/getdoc?HEARING-ID=HRG-1999-HRC-0012
|z Connect to the full text of this electronic book
|t 0
|
| 998 |
|
|
|a cis09900988
|
| 999 |
|
|
|a MARS
|
| 999 |
f |
f |
|s 7819ef5f-68df-3b4b-b59e-d33d98f638b3
|i 48faa7c1-a405-393f-a77f-1f2e3e9d5587
|t 0
|
| 952 |
f |
f |
|a Texas A&M University
|b College Station
|c Electronic Resources
|s www_evans
|d Available Online
|t 0
|e HRG-1999-HRC-0012
|h Other scheme
|
| 998 |
f |
f |
|a HRG-1999-HRC-0012
|t 0
|l Available Online
|